00239nam a2200097Ia 4500008004100000100002300041245002500064260002800089942000700117999001700124190216s9999||||xx |||||||||||||| ||und|| aHari Hara Krishnan 0aPolitechnic Ganitham bKerala Bhasha Institute cBK c39972d39972